Konkurencieschopnosť a letecká spoločnosť
Teoretické východiská konkrencieschopnosti. Význam ľudského kapitálu pre organizáciu. Základné zdroje konkurenčnej výhody organizácie. Manažment, organizácia a konkurencieschopnosť. Možnosti zvyšovania konkurencieschopnosti leteckej spoločnosti.
Enregistré dans:
| Auteur principal: | |
|---|---|
| Autres auteurs: | |
| Format: | Chapitre de livre |
| Langue: | slovaque |
| Sujets: | |
| Tags: |
Pas de tags, Soyez le premier à ajouter un tag!
|
MARC
| LEADER | 00000naa$a2200000$$$4500 | ||
|---|---|---|---|
| 001 | 0241060 | ||
| 005 | 20240502073925.5 | ||
| 041 | 0 | |a slo | |
| 044 | |a SK | ||
| 245 | 1 | 0 | |a Konkurencieschopnosť a letecká spoločnosť |c Bohuslava Mihalčová, Luboš Socha |
| 520 | |a Teoretické východiská konkrencieschopnosti. Význam ľudského kapitálu pre organizáciu. Základné zdroje konkurenčnej výhody organizácie. Manažment, organizácia a konkurencieschopnosť. Možnosti zvyšovania konkurencieschopnosti leteckej spoločnosti. | ||
| 610 | 2 | 0 | |a konkurencieschopnosť |
| 610 | 2 | 0 | |a výhody konkurenčné |
| 610 | 2 | 0 | |a kapitál ľudský |
| 610 | 2 | 0 | |a kapitál finančný |
| 610 | 2 | 0 | |a organizácie |
| 610 | 2 | 0 | |a spoločnosti letecké |
| 100 | 1 | |a Mihalčová, Bohuslava, 1963- | |
| 700 | 1 | |a Socha, Luboš | |